<?xml version="1.0" encoding="UTF-8"?>
<marc:record xmlns:marc="http://www.loc.gov/MARC21/slim">
   <marc:leader>00000nam a2200000 a 4500</marc:leader>
   <marc:datafield ind1="1" ind2=" " tag="100">
      <marc:subfield code="a">Paver, Michelle</marc:subfield>
      <marc:subfield code="4">aut</marc:subfield>
      <marc:subfield code="e">Verfasser/-in</marc:subfield>
   </marc:datafield>
   <marc:datafield ind1="0" ind2="0" tag="245">
      <marc:subfield code="a">Gods and warriors - im Bann der Feuergöttin</marc:subfield>
   </marc:datafield>
   <marc:datafield ind1="0" ind2="0" tag="245">
      <marc:subfield code="c">Michelle Paver</marc:subfield>
   </marc:datafield>
   <marc:datafield ind1=" " ind2="1" tag="264">
      <marc:subfield code="a">München</marc:subfield>
      <marc:subfield code="b">cbj</marc:subfield>
      <marc:subfield code="c">2015</marc:subfield>
   </marc:datafield>
   <marc:datafield ind1="1" ind2=" " tag="520">
      <marc:subfield code="a">Angaben aus der Verlagsmeldung

Gods and Warriors - Im Bann der Feuergöttin : Band 2 Gods and Warriors 2 / von Michelle Paver

Wenn der Zorn der Götter erwacht

Auf der Suche nach seiner entführten Schwester gerät Hylas in die Gewalt brutaler Sklavenhändler. Er wird gezwungen, unter Tage in einem Kupferbergwerk zu schuften. Aus der Mine zu entkommen, scheint unmöglich zu sein. Doch Hylas muss fliehen, bevor seine Todfeinde, die Krähenkrieger, seinen Aufenthaltsort herausfinden.

Pirra, die Tochter der Hohepriesterin, eilt ihm zu Hilfe – und mit ihr ein verwaister junger Löwe. Eine Jagd voller Gefahren beginnt. Aber Hylas weiß, dass er seinem Schicksal nicht entgehen kann. Denn der Zorn der Götter ist erwacht!

</marc:subfield>
   </marc:datafield>
   <marc:datafield ind1=" " ind2=" " tag="020">
      <marc:subfield code="a">9783570157053</marc:subfield>
      <marc:subfield code="9">9783570157053</marc:subfield>
   </marc:datafield>
   <marc:datafield ind1=" " ind2=" " tag="020">
      <marc:subfield code="a">3570157059</marc:subfield>
      <marc:subfield code="9">3570157059</marc:subfield>
   </marc:datafield>
   <marc:datafield ind1=" " ind2=" " tag="041">
      <marc:subfield code="a">ger</marc:subfield>
   </marc:datafield>
   <marc:datafield ind1=" " ind2=" " tag="300">
      <marc:subfield code="a">378 S.</marc:subfield>
   </marc:datafield>
</marc:record>
